| 000 | 00342nam a22001337a 4500 | ||
|---|---|---|---|
| 020 | _a978-1-4390-4273-1 | ||
| 082 |
_a631.3 _bHER/AG |
||
| 100 |
_aRay V Herren _997 |
||
| 245 | _aAgricultural Mechanics:Fundamentals and Applications | ||
| 250 | _a6th | ||
| 260 |
_aAustralia _bDelmar Cengage Learning _c2010 |
||
| 300 |
_a896 _enta |
||
| 942 | _cBK | ||
| 999 |
_c14103 _d14103 |
||